000 00489nam a2200169Ia 4500
999 _c22274
_d22274
003 OSt
005 20200214094951.0
008 190216s9999||||xx |||||||||||||| ||und||
040 _coclc
082 _a297
_bAMA/V
100 _aAmani, Moulavi Muhamed
_91967
245 0 _aVidhiyum Manushyanum /
_cMoulavi Muhamed Amani
260 _bYuvatha Book House,
_c1987.
_aCalicut:
300 _a92p
650 _aIslamic History
942 _cBK
_2ddc
_h297
_iAMA/V
_k297
_mAMA/V